<The> Impact of early retirement incentives on labor market participation: evidence from a parametric change in the Czech Republic

Vplyv zmeny vo výpočte predčasných starobných dôchodkov v Českej republike na participáciu mužov v preddôchodkovom veku na trhu práce.

Salvato in:
Dettagli Bibliografici
Autore principale: Kocourek, David
Altri autori: Pertold, Filip
Natura: Capitolo di libro
Lingua:inglese
Soggetti:
Tags: Aggiungi Tag
Nessun Tag, puoi essere il primo ad aggiungerne!!

MARC

LEADER 00000naa a2200000 4500
001 0148279
005 20231010115859.2
041 0 |a eng 
044 |a CZ 
245 1 0 |a <The> Impact of early retirement incentives on labor market participation: evidence from a parametric change in the Czech Republic  |c David Kocourek, Filip Pertold 
520 |a Vplyv zmeny vo výpočte predčasných starobných dôchodkov v Českej republike na participáciu mužov v preddôchodkovom veku na trhu práce. 
610 2 0 |a trh práce 
610 2 0 |a dôchodky starobné 
610 2 0 |a systémy dôchodkové 
610 2 0 |a reformy dôchodkové 
610 2 0 |a sily pracovné 
610 2 0 |a muži 
610 2 0 |a Česko 
100 1 |a Kocourek, David 
700 1 |a Pertold, Filip